| 000 | 00908nam a22002417a 4500 | ||
|---|---|---|---|
| 005 | 20100331120544.0 | ||
| 008 | 100331t xxu||||| |||| 00| 0 eng d | ||
| 010 | _aENG-95935 | ||
| 020 |
_a0198064136 _c795.00 |
||
| 020 |
_a9780198064138 _c795.00 |
||
| 035 | _aEN-79468 | ||
| 037 | _bDBAD/PUB | ||
| 040 | _aDPL | ||
| 082 | _a331.10954 | ||
| 245 |
_aLabour in global production networks in India / _cedited by Anne Posthuma and Dev Nathan |
||
| 260 |
_aNew Delhi _bOxford university press _c2010 |
||
| 270 |
_aYMCA library building, Jai Singh Road _bNew Delhi _e110001 |
||
| 300 |
_axvi, 373p. : _c24cm. (Hb) |
||
| 700 | _aPosthuma, Anne | ||
| 700 | _aNathan, Dev | ||
| 942 |
_2ddc _cEN _mPOS _h331.10954 |
||
| 999 |
_c34942 _d34942 |
||